000
00317nam a2200133Ia 4500
005
20260328101508.0
008
260328s9999||||xx |||||||||||||| ||und||
100
_a
Goujon, Nicolas
245
0
_a
Le Mont St Michel /
_c
Nicolas Goujon
260
_b
Marabout Scope
300
_a
157 p.
650
_a
HISTORIA
942
_c
BK
999
_c
9102
_d
9102